LEADER 00884nam a2200241 a 4500 001 000000150531 003 CaOOAMICUS 005 20160316113759.0 008 160316s1972 fr u000 u fre r 032 $aLibriCat 040 $aPUL$bita 100 1 $aBourgeois, Henri.$0(OLS)http://pul/name/17071 245 12$aL'avenir de la confirmation /$cHenri Bourgeois. 260 $aParis :$bÉditions du Chalet,$c1972. 300 $a192 p. ;$c22 cm. 504 $aBibliografia p. [188]-192. 650 4$aCresima.$0(OLS)http://pul/subject/3901 850 $aPUL 852 $aPUL$W1$xDP1 Fondo Bordoni$y120$m3 N 5$j168108$qFondi$B175040$CPULBib$Z2$F175040 $HBor1047 $81 941 1 $a1 996 $6245$aL'avenir de la confirmation$9(OLS)http://pul/title/189676 996 $6260$aParis :$bÉditions du Chalet$9(OLS)http://pul/publisher/53221 LEADER 01409camaa22003254a 4500 001 000000177712 003 CaOOAMICUS 005 20250430105505.0 008 250430s2023 it b 001 0 ita r 020 $a978-88-08-80216-3* 032 $aLibriCat 040 $aPUL$bita$d 082 04$a345.45 100 1 $aFiandaca, Giovanni,$d1947-,$eautore.$0(OLS)http://pul/name/64291 245 10$aDiritto penale :$bparte generale /$cGiovanni Fiandaca, Enzo Musco. 250 $aOttava edizione, ristampa aggiornata Riforma Cartabia. 260 $aBologna :$bZanichelli,$c©2023. 300 $aXL, 967 pagine ;$c25 cm 504 $aInclude riferimenti bibliografici ed indice analitico. 650 04$aDiritto penale$zItalia.$0(OLS)http://pul/subject/10217 650 04$aDiritto penale$zItalia$vManuali.$0(OLS)http://pul/subject/8081 700 1 $aMusco, Enzo,$d1944-,$eautore.$0(OLS)http://pul/name/64292 850 $aPUL 852 $aPUL$W1$xSL Diritto e Scienze Sociali 3$y79$m345. 45 FIAGI 2.0$j200132$qDDC 21$B206689$CPULBib$Z2$F206689 $H137784 $82 941 1 $a9 996 $6020$a978-88-08-80216-3*$9(OLS)http://pul/number/170319 996 $6082$a345.45$9(OLS)http://pul/classification/371 996 $6245$aDiritto penale :$bparte generale$9(OLS)http://pul/title/52862 996 $6260$aBologna :$bZanichelli$9(OLS)http://pul/publisher/48255